Motion and Time Study Improving Productivity (Record no. 351562)

000 -LEADER
fixed length control field 00531nam a22001937a 4500
003 - CONTROL NUMBER IDENTIFIER
control field OSt
005 - DATE AND TIME OF LATEST TRANSACTION
control field 20180116183049.0
008 - FIXED-LENGTH DATA ELEMENTS--GENERAL INFORMATION
fixed length control field 160727b xxu||||| |||| 00| 0 eng d
020 ## - INTERNATIONAL STANDARD BOOK NUMBER
International Standard Book Number 0135883695
040 ## - CATALOGING SOURCE
Transcribing agency 0
082 ## - DEWEY DECIMAL CLASSIFICATION NUMBER
Classification number 658.542 MUN 1994
100 ## - MAIN ENTRY--PERSONAL NAME
Personal name Marvin E. Mundel
245 ## - TITLE STATEMENT
Title Motion and Time Study Improving Productivity
Statement of responsibility, etc. Marvin E. Mundel
250 ## - EDITION STATEMENT
Edition statement 7th
260 ## - PUBLICATION, DISTRIBUTION, ETC.
Place of publication, distribution, etc. New Jersey
Name of publisher, distributor, etc. Prentice Hall
Date of publication, distribution, etc. 1994
300 ## - PHYSICAL DESCRIPTION
Extent 770 p.
Other physical details HB
440 ## - SERIES STATEMENT/ADDED ENTRY--TITLE
Title Motion and Time Study Improving Productivity
942 ## - ADDED ENTRY ELEMENTS (KOHA)
Source of classification or shelving scheme
Koha item type Book
Holdings
Withdrawn status Lost status Source of classification or shelving scheme Damaged status Not for loan Collection code Permanent Location Current Location Shelving location Date acquired Total Checkouts Full call number Barcode Date last seen Price effective from Koha item type
            Central Library (CL) Central Library (CL) General Stacks 07/27/2016   658.542 MUN 1994 NBS3370-C 07/27/2016 07/27/2016 Book
© 2023 Central Library, National University of Sciences and Technology. All Rights Reserved.